000 00436nam a22001697a 4500
003 NUST
020 _a9780367482886
038 _aAsim Zubair
082 _aHUG
_b658.382
100 _aHughes,Phil
_981160
245 _aIntroduction to Health and Safety at Work\
_cPhil Hughes.
250 _a7th Ed.
260 _aNew York,
_bRoutledge,
_c2021.
300 _axxv, 622p. :
_bPaperback,
_c30cm
563 _aPaperback
942 _2ddc
_cBK
999 _c586058
_d586058